Holiday Quiz

Random Holiday or Musical Quiz

Christmas on Stage (Slideshow) Quiz Stats

 Plays Quiz not verified by Sporcle

Score 0/20 Timer 08:00
0 Plays Today
% Correct
'Elf: the Musical'
98.5%
'A Christmas Carol'
81.5%
'Dr. Seuss' How the Grinch Stole Christmas'
80.5%
'Annie'
79.9%
'A Christmas Story'
67.8%
'White Christmas'
52.6%
'It's a Wonderful Life'
49.7%
'Rent'
44.8%
'Here's Love' or 'Miracle on 34th Street'
32.4%
'Mame' (We Need a Little Christmas)
28.7%
% Correct
'Catch Me If You Can' (Christmas is My Favorite Time of Year)
18.2%
'Billy Elliot' (Merry Christmas Maggie Thatcher)
15.5%
'The Lion in Winter'
14.9%
'She Loves Me'
14.8%
'Twelfth Night'
12.2%
'The Man Who Came to Dinner'
11.6%
'Promises Promises' (Turkey Lurkey Time)
11.4%
'A Tuna Christmas'
6.7%
'Gypsy'
3.9%
'A Doll's House'
2.4%

You're not logged in!

Compare scores with friends on all Sporcle quizzes.
OR
Log In

Show Comments

Extras

Top Quizzes Today


Score Distribution

Your Account Isn't Verified!

In order to create a playlist on Sporcle, you need to verify the email address you used during registration. Go to your Sporcle Settings to finish the process.

Report this User

Report this user for behavior that violates our Community Guidelines.

Details: